00893njm a2200253Ia 450000100060000000300090000600500170001500800410003204000130007304000130008604100120009910000160011110000180012710000380014524500300018325000110021326000120022426000540023630000100029050000450030050501570034565000570050270000800055973349IT-RoPAU20220918181147.0131025s9999 xx 000 0 und d aIT-RoPAU cIT-RoPAU aPOLACCO aMarek Piotr eAutore musica gCodice autore musica SPICS: 25454 aKora Pudelsi (Lp Sx 2612) a1a ed. aPOLONIA bMUZAc1988 [1a Ed.:1988 - Ed. Lingua Orig.: 1988] aDISCO aMusica leggera polacca. Canzone polacca. aHoza Moyra - Wyro Pudla - Morrison - Narodziny Zbigniewa - W Krainie Ciemnosci - Bella Puppa - Rege Kocia Muzyka - Kotek Mamrotek - Tango Spizowy Ratler aCANZONE POLACCA [DISCHI]eCodice MATERIA SPICS: 9950 aMarek PiotreAutore testo e musicagCodice autore testo/musica SPICS: 25454